Logo Biblioteca

¿Qué y por qué están leyendo los niños y jóvenes de hoy? / (Registro nro. 584)

Detalles MARC
000 -LEADER
fixed length control field 00789nam a22002297a 4500
003 - CONTROL NUMBER IDENTIFIER
control field OSt
005 - DATE AND TIME OF LATEST TRANSACTION
control field 20250916145259.0
008 - FIXED-LENGTH DATA ELEMENTS--GENERAL INFORMATION
fixed length control field 250916t2002 mx ||||r|||| 00| 0 spa d
020 ## - INTERNATIONAL STANDARD BOOK NUMBER
International Standard Book Number 950-557-664-1
040 ## - CATALOGING SOURCE
Transcribing agency besoc
080 ## - UNIVERSAL DECIMAL CLASSIFICATION NUMBER
Authority record control number or standard number 028.5(-053.4)
100 1# - MAIN ENTRY--PERSONAL NAME
Personal name Abreu, Márcia,
Dates associated with a name 1963-
Relator term autor
245 13 - TITLE STATEMENT
Title ¿Qué y por qué están leyendo los niños y jóvenes de hoy? /
Statement of responsibility, etc. Márcia Abreu. El lector en el libro : ideas en torno a cuatro metáforas de lector y lectura en los libros para niños y jóvenes / Brenda Bellorín.
250 ## - EDITION STATEMENT
Edition statement 1a ed.
260 ## - PUBLICATION, DISTRIBUTION, ETC.
Place of publication, distribution, etc. México :
Name of publisher, distributor, etc. Conaculta,
Date of publication, distribution, etc. 2003.
300 ## - PHYSICAL DESCRIPTION
Extent 62 p. ;
Dimensions 21 cm.
490 0# - SERIES STATEMENT
Series statement Lecturas Sobre Lecturas
Volume/sequential designation 5
650 #4 - SUBJECT ADDED ENTRY--TOPICAL TERM
Topical term or geographic name entry element Niños
General subdivision Libros y lecturas
650 #4 - SUBJECT ADDED ENTRY--TOPICAL TERM
Topical term or geographic name entry element Lectura
700 1# - ADDED ENTRY--PERSONAL NAME
Personal name Bellorín, Brenda.
Relator term autor
942 ## - ADDED ENTRY ELEMENTS (KOHA)
Source of classification or shelving scheme Universal Decimal Classification
Koha item type Obra General
Suppress in OPAC No
Existencias
Withdrawn status Lost status Source of classification or shelving scheme Damaged status Not for loan Collection Home library Current library Date acquired Source of acquisition Total checkouts Full call number Barcode Date last seen Price effective from Koha item type
    Universal Decimal Classification     Colección General Biblioteca Escuela de Ciencias Sociales Biblioteca Escuela de Ciencias Sociales 16/09/2025 Donación 2025   028.5(-053.4) AB162 001459 16/09/2025 16/09/2025 Libro de préstamo a domicilio
Biblioteca de la Escuela Preuniversitaria en Ciencias Sociales y Humanísticas.
Riobamba 250 bis.
CP 2000 - Rosario - Santa Fe
E-Mail: biblioteca@esociales.unr.edu.ar